Formula 1: Most Points Per Decade 1970-1979 - Statistics

General Stats
  • This quiz has been taken 227 times
  • The average score is 21 of 30
Answer Stats
Points Driver Nationality % Correct
292.5 Niki Lauda Austria
100%
276 Emerson Fittipaldi Brazil
96%
244 Jody Scheckter South Africa
96%
158 Mario Andretti US
93%
179 James Hunt UK
90%
206 Ronnie Peterson Sweden
90%
209 Clay Regazzoni Switzerland
89%
70 Gilles Villeneuve Canada
89%
203 Jackie Stewart UK
89%
121 Denny Hulme New Zealand
88%
206 Carlos Reutemann Argentina
87%
116 Jackie Ickx Belgium
86%
85 Alan Jones Australia
85%
32 Pedro Rodríguez Mexico
78%
45 Jochen Rindt Austria
75%
25 Jack Brabham Australia
74%
99 Jacques Laffite France
74%
67 Jochen Mass West Germany
65%
89 François Cevert France
62%
141 Patrick Depailler France
62%
58 Carlos Pace Brazil
61%
47 Chris Amon New Zealand
61%
75 John Watson UK
57%
31 Gunnar Nilsson Sweden
56%
21 Didier Pironi France
55%
61 Peter Revson US
49%
45 Jean-Pierre Beltoise France
48%
22.5 Jean-Pierre Jarier France
40%
29 Hans-Joachim Stuck West Germany
32%
28 Mike Hailwood UK
17%
No matching quizzes found
Score Distribution
Percent of People with Each Score
Percentile by Number Answered
Your Score History
You have not taken this quiz